Normal view
MARC view
- Mahnoor Haneef | Ryshum Ali | Tahreem Rasul
Entry Personal Name
001 - CONTROL NUMBER
- control field: 5444
003 - CONTROL NUMBER IDENTIFIER
- control field: NUST
005 - DATE AND TIME OF LATEST TRANSACTION
- control field: 20171013111032.0
008 - FIXED-LENGTH DATA ELEMENTS
- fixed length control field: 171013|| aca||aabn | a|a d
040 ## - CATALOGING SOURCE
- Original cataloging agency: NUST
- Transcribing agency: NUST
100 ## - HEADING--PERSONAL NAME
- Personal name: Mahnoor Haneef | Ryshum Ali | Tahreem Rasul
670 ## - SOURCE DATA FOUND
- Source citation: Work cat.: (NUST): Mahnoor Haneef | Ryshum Ali | Tahreem Rasul, D3D-Camera embedded wearable for dense 3d motion reconstruction, 2017
